Prehľad gramatiky a pravopisu slovenského jazyka s diktátmi a pravopisnými cvičeniami

Podrobná bibliografia
Hlavní autori: Caltíková, Milada (Autor), Tarábek, Ján (Autor)
Médium: Kniha
Jazyk:slovenčina
Fyzický popis:168 strán tabuľky 21 cm
Vydavateľské údaje: Bratislava Didaktis c2001
ISBN:8085456745
Vydanie:2. doplnené a prepracované vydanie
Predmet:

MARC

LEADER 00000cam a2200000 a 4500
001 vtls001434374
003 SK-MaSNL
005 20260301150000.0
008 210701s2001 xo grnf 00000 slo
015 |a SNBA2002/08-02768 
020 |a 8085456745 
035 |a SNK000389451 
035 |a urn:nbn:sk:snk-am3iqy9 
035 |a 41753C1B-C779-4D4B-93E4-6F7128F21857 
035 |a urn:nbn:sk:snk-am00fej2 
040 |a SNK  |b slo  |c SNK  |e AACR2 
041 0 |a slo 
044 |a xo  |c SK 
080 |a 811.162.4  |2 2011 
080 |a 81'36  |2 2011 
080 |a 81'35  |2 2011 
080 |a (035)  |2 2011 
100 1 |a Caltíková, Milada  |4 aut  |9 240361 
245 1 0 |a Prehľad gramatiky a pravopisu slovenského jazyka  |b s diktátmi a pravopisnými cvičeniami  |c autori: Milada Caltíková, Ján Tarábek 
250 |a 2. doplnené a prepracované vydanie 
260 |a Bratislava  |b Didaktis  |c c2001 
300 |a 168 strán  |b tabuľky  |c 21 cm 
504 |a Bibliografia na obale 
650 0 7 |a slovenčina  |2 SNKPH  |9 1350 
650 0 7 |a gramatika  |2 SNKPH  |9 865 
650 0 7 |a pravopis  |2 SNKPH  |9 868 
655 7 |a príručky  |2 SNKPH  |9 74364 
700 1 |a Tarábek, Ján  |4 aut  |9 47326 
919 |a 80-85456-74-5 
958 |a TL 
958 |a NB 
958 |a OND 
999 |c 782014  |d 783944 
952 |t P60, <03>, [BOOK], {603}  |a SNK  |b SNK  |y PREZ  |7 0  |p 17A0345392  |o snkSC 108113  |i snkKSP 6278/2002  |0 0  |1 0  |4 0  |d 2002-05-28  |f 1  |l 0  |r 2025-09-29 00:00:00  |w 2026-02-24 
952 |a SNKPRIRUCN  |b SNKPULT  |y VYP  |7 0  |p 17A0347079  |o snkSC 108113 D2  |i snkK 569/2002  |8 3  |3 Vrátené z príručnej knižnice  |0 0  |1 0  |4 0  |d 2002-06-26  |l 1  |q 2026-08-18  |r 2026-03-27 14:15:26  |s 2026-03-27  |w 2026-02-24 
952 |t snkPRE 808.54-1  |a SNKUST  |b SNKUST  |y PREZ  |7 0  |p 17A0345393  |o snkSC 108113 D1  |i snkKSP 6279/2002  |0 0  |1 0  |4 0  |d 2002-05-28  |l 0  |r 2025-05-29 00:00:00  |w 2026-02-24